000 00993nam a2200205Ii 4500
003 JO-AjNU
008 230605s9999||||xx |||||||||||||| ||und||
017 _a2013/7/2715
040 _aJO-AjNU
_bara
_erda
_cJO-AjNU
041 _aara
050 1 4 _aDS154.9 2014
100 3 _aتاليف بني عامر، موسى محمد أبو العسل؛ مراجعة فنية احمد الجوارنة؛ مراجعة تاريخية محمد بني يونس؛ مراجعة نحوية احمد جوهر الحسن,
_eauthor
_950028
245 0 0 _aالزعامات المحلية في تبنه: ناحية الكورة 1500-1921م
264 3 1 _aعمان: المؤلف، 2014
300 _a397ص
_bطبع بدعم من وزارة الثقافة - الاردن، صور فوتوغرافية
336 _atext
_btxt
_2rdacontent
337 _aunmediated
_bn
_2rdamedia
338 _avolume
_bnc
_2rdacarrier
650 4 _aالحكم العثماني للاردن 1517-1920- الزعانة -تاريخ
_950029
999 _aA22011
_c25579
_d25579